| 000 | 00973nam a22003017a 4500 | ||
|---|---|---|---|
| 001 | BR8801680 | ||
| 003 | BR-BrBNA | ||
| 005 | 20230928092857.0 | ||
| 007 | ta | ||
| 008 | 230509b bl.||||| |||| 00| 0 por d | ||
| 040 |
_aBR-BrBNA _bpor _cBiblioteca Nacional de Agricultura |
||
| 041 | _a(Por) | ||
| 072 |
_aF01 _b2110 |
||
| 090 | _ 2110 BR8801680 | ||
| 100 | 1 | _aPinho, A.F. de S. | |
| 100 | 1 | _aMuller, M.W. | |
| 110 | 1 |
_aComissao Executiva do Plano da Lavoura Cacaueira, Ilheus, BA (Brasil) _92106 |
|
| 245 | 1 | _aA cultura do cacau como alternativa agricola para bacia sedimentar do reconcavo da Bahia [Brasil] | |
| 246 | 1 | _a[Cacao cropping as agricultural alternative at sedimentar basin in "Reconcavo Bahiano", Brazil] | |
| 260 | 3 |
_aIlheus, BA (Brasil): _bCentro de Pesquisas do Cacau, _c1987. |
|
| 300 | _a13 p. | ||
| 500 | _a38 ref. | ||
| 650 | _aCACAU | ||
| 650 | _aPLANTIO | ||
| 650 | _aBAHIA | ||
| 909 |
_a202309 _bLucia _c55 _dLucia Elande |
||
| 942 | _cBK | ||
| 999 |
_c41732 _d41732 |
||